000 00673nam a2200229Ia 4500
003 GCL
008 140319s9999 xx 000 0 ara d
040 _aGCL /
_cGCL
082 0 4 _a811.9
_bط ش
100 1 _aطه وادى
245 1 0 _aشعر شوقى الغنائى والمسرحى /
_cطه وادى
260 _aالقاهرة :
_bدار المعارف ،
_c1980
300 _a352 ص ؛
_c24 سم
490 _a
650 0 4 _aالادب العربى
650 0 4 _aالعصر الحديث
650 0 4 _aالشعر المسرحى
650 0 4 _aاحمد شوقى
650 0 4 _aالشعر التمثيلى
650 0 4 _aتاريخ ونقد
942 _2ddc
_cBK
999 _c31711
_d31711